BÜYÜK SAVAŞ (Record no. 722107)

MARC details
000 -LEADER
sabit uzunluktaki kontrol alanı 00240nam a2200097Ia 4500
001 - KONTROL NUMARASI
kontrol alanı 722107
005 - EN SON İŞLEMİN TARİH VE ZAMANI
kontrol alanı 20250826163305.0
008 - SABİT-UZUNLUKTA VERİ ÖĞELERİ--GENEL BİLGİ
sabit uzunluktaki kontrol alanı 250824s9999 xx 000 0 und d
245 #0 - ESER / YAZAR
ESER ADI BÜYÜK SAVAŞ
Yazar Adı JACK SAILOR
260 ## - YAYIN, DAĞITIM, VB.
YAYIN EVİ GENÇ HAYAT YAYINLARI
Holdings
Düşüm durumu Kayıp durumu Hasar Durumu Ödünç verilmez Ana kütüphane Geçerli Kütüphane Edinilen tarih Toplam ödünç verme sayısı Barkod Son görüntüleme tarihi Fiyatın geçerli olmaya başladığı tarih Koha materyal türü
        BORSA İSTANBUL ORTAOKULU BORSA İSTANBUL ORTAOKULU 24.08.2025   1031922 26.08.2025 26.08.2025 Books